[Event "TCh-Belgrade Premier liga 2013"]
[Site "Belgrade SRB"]
[Date "2013.10.20"]
[Round "9.1"]
[White "Tosic,S"]
[Black "Nabaty,T"]
[Result "0-1"]
[WhiteElo "2390"]
[BlackElo "2579"]

1.d4 Nf6 2.Bg5 d5 3.Bxf6 exf6 4.e3 Bd6 5.Ne2 c6 6.Nd2 f5 7.g3 Nd7 8.Bg2 Nf6
9.O-O O-O 10.c4 dxc4 11.Nxc4 Bc7 12.Qc2 Qe7 13.Nc3 Be6 14.b3 Rfd8 15.Rfd1 Rac8
16.Rac1 b5 17.Nb2 Bd6 18.Nd3 Ba3 19.Rb1 a5 20.Qe2 Bd7 21.Rd2 Be8 22.Rbd1 c5
23.dxc5 Bxc5 24.Nxc5 Rxd2 25.Qxd2 Qxc5 26.Nd5 Nxd5 27.Bxd5 Qc2 28.Bb7 Qxd2
29.Rxd2 Rc7 30.Bf3 Rc1+ 31.Kg2 Kf8 32.h4 Ke7 33.Bd5 f6 34.Bf3 g5 35.Bd5 Rc5
36.e4 b4 37.Kf1 gxh4 38.gxh4 f4 39.Kg2 Rc3 40.Rd1 Bh5 41.Ra1 Bf3+ 42.Kf1 Kd6
43.Ke1 f5 44.Bg8 fxe4 45.Bxh7 Rc7 46.Bf5 Ke5 47.Bg6 Rg7  0-1

[Event "TCh-CZE Vychod 2013-14"]
[Site "Czech Rep CZE"]
[Date "2013.10.20"]
[Round "1.3"]
[White "Pisk,P"]
[Black "Mudrak,J"]
[Result "1/2-1/2"]
[WhiteElo "2410"]
[BlackElo "2351"]

1.d4 Nf6 2.Bg5 g6 3.Bxf6 exf6 4.e3 d5 5.g3 c6 6.Bg2 Qb6 7.Qc1 Be7 8.Nd2 h5
9.h4 Na6 10.Ne2 Bf5 11.a3 Nc7 12.c4 Be6 13.Nf4 a5 14.Nxe6 fxe6 15.Qc2 Kf7
16.O-O f5 17.Nf3 Bf6 18.Rfc1 Ne8 19.b4 axb4 20.axb4 Rxa1 21.Rxa1 dxc4 22.Qxc4 Nc7
23.Qc5 Qxc5 24.bxc5 Rb8 25.Bf1 Ke7 26.Ra7 Kd8 27.Bc4 b6 28.cxb6 Rxb6 29.Ra2 Rb4
30.Rc2 Kd7 31.Kg2 Nb5 32.Rc1 Rb2 33.Ne1 Nd6 34.Nd3 Rd2 35.Nc5+ Ke7 36.Bxe6 g5
37.hxg5 Bxg5 38.Kf3 h4 39.Bb3 hxg3 40.Kxg3 Rxd4 41.f4 Ne4+ 42.Nxe4 Rxe4 43.Kf3 Bh4
44.Rxc6 Rb4 45.Bc2 Rb5 46.Rh6 Be1 47.Rh5 Ke6 48.Ke2 Bb4 49.e4 Bd6 50.Rh6+ Ke7
51.Rh7+ Ke6 52.Rh6+ Ke7 53.e5 Bxe5 54.fxe5 Rxe5+ 55.Kf3 f4 56.Kxf4 Re6 57.Rh1 Kd8
58.Bf5 Re7 59.Rc1 Ra7 60.Ke5 Rc7 61.Rh1 Ke7 62.Be4 Rc5+ 63.Bd5 Rc7 64.Rh8 Rd7
65.Be6 Rc7 66.Rh6 Rc5+ 67.Bd5 Rc7 68.Bc6 Kd8 69.Kd6 Rd7+ 70.Kc5 Rg7 71.Re6 Re7
72.Rf6 Kc7 73.Bd5 Rg7 74.Ra6 Re7 75.Rb6 Kd8 76.Bc6 Kc7 77.Rb1 Re5+ 78.Bd5 Re7
79.Ra1 Kd8 80.Ra6 Kc7 81.Be6 Kd8 82.Kd5 Rc7 83.Kd6 Rd7+ 84.Ke5 Rb7 85.Ra8+ Ke7
86.Rg8 Rc7 87.Rg2 Rc5+ 88.Bd5 Rc7 89.Rb2 Kd8 90.Be6 Ke7 91.Bd5 Kd8 92.Kd6 Rd7+
93.Kc6 Rc7+ 94.Kb6 Rg7 95.Re2 Re7 96.Be6 Rg7 97.Bf5 Re7 98.Rd2+  1/2-1/2

[Event "29th ECC Open 2013"]
[Site "Rhodes GRE"]
[Date "2013.10.20"]
[Round "1.6"]
[White "Vanstreels,L"]
[Black "Bjerre,Ta"]
[Result "0-1"]
[WhiteElo "2068"]
[BlackElo "2019"]

1.d4 Nf6 2.Bg5 d5 3.Bxf6 exf6 4.e3 c6 5.c4 dxc4 6.Bxc4 Bd6 7.Nc3 O-O 8.Qf3 Re8
9.Nge2 Nd7 10.O-O f5 11.e4 b5 12.Bxb5 cxb5 13.e5 Rb8 14.exd6 Nf6 15.Rfe1 Qxd6
16.Qf4 Qxf4 17.Nxf4 Bd7 18.f3 b4 19.Ncd5 Nxd5 20.Nxd5 Rxe1+ 21.Rxe1 Be6 22.Nc7 Bxa2
23.Ra1 Rb7 24.Rxa2 Rxc7 25.Ra5 g6 26.Ra4 Rc1+ 27.Kf2 Rc2+ 28.Ke3 Rxb2 29.Rxa7 Rxg2
30.Rb7 Rxh2 31.d5 Kf8 32.Kd4 h5 33.Ke5 h4 34.Kf6 Ke8 35.Re7+ Kd8 36.Rxf7 b3
37.Rb7 b2 38.Ke6 h3 39.Kd6 Kc8 40.Rb3  0-1

[Event "TCh-Belgrade Premier liga 2013"]
[Site "Belgrade SRB"]
[Date "2013.10.21"]
[Round "10.2"]
[White "Zmijanac,D"]
[Black "Keserovic,M"]
[Result "1/2-1/2"]
[WhiteElo "2172"]
[BlackElo "2193"]

1.d4 Nf6 2.Bg5 c5 3.Nc3 cxd4 4.Qxd4 Nc6 5.Qh4 d6 6.e4 Qa5 7.O-O-O Be6 8.a3 Rc8
9.f4 a6 10.f5 Bd7 11.Bd2 Ne5 12.Nf3 Qc7 13.Nxe5 dxe5 14.Bd3 e6 15.g4 exf5
16.gxf5 b5 17.Rhg1 Bc6 18.Rde1 Qb7 19.Qg3 Nd7 20.Na2 f6 21.Nb4 Nc5 22.Nxc6 Qxc6
23.Kb1 Nxd3 24.Qxd3 Qc4 25.Rg3 Qxd3 26.cxd3 Kf7 27.Reg1 Rg8 28.h4 Bc5 29.R1g2 g6
30.Bh6 Bf8 31.Be3 Bc5 32.fxg6+ hxg6 33.Bd2 Bd4 34.Bb4 f5 35.Rf3 f4 36.Rg5 Rc6
37.Bc3 Bxc3 38.bxc3 Rxc3 39.Rxe5 Kg7 40.Rd5 Rxa3 41.Rxf4 Rc8 42.h5 Rcc3 43.Rg5  1/2-1/2

[Event "29th ECC Open 2013"]
[Site "Rhodes GRE"]
[Date "2013.10.22"]
[Round "3.19"]
[White "Efimov,Ig"]
[Black "Ermeni,A"]
[Result "1-0"]
[WhiteElo "2380"]
[BlackElo "2274"]

1.d4 Nf6 2.Bg5 d5 3.e3 e6 4.Bd3 c5 5.c3 Nc6 6.Nf3 Bd6 7.Nbd2 O-O 8.O-O e5
9.e4 exd4 10.exd5 dxc3 11.Bxf6 gxf6 12.dxc6 cxd2 13.Qxd2 bxc6 14.Rad1 Kg7
15.Bb1 Bxh2+ 16.Nxh2 Qxd2 17.Rxd2 Be6 18.Rc1 Rfd8 19.Rcd1 Rdb8 20.Be4 Rb6
21.b3 a5 22.Rd6 Rc8 23.Nf1 f5 24.Bc2 a4 25.Ne3 f4 26.Nc4 Rb4 27.Ne5 axb3
28.axb3 Bxb3 29.Bxb3 Rxb3 30.Rc1 Re8 31.Nd3 f3 32.gxf3 Re2 33.Rxc5 Rd2 34.Nc1 Rxd6
35.Nxb3 Rd3 36.Na5 Rxf3 37.Nxc6 f6 38.Nd4 Ra3 39.Kg2 Kg6 40.Ne2 Ra2 41.Nf4+ Kh6
42.Kg3 Ra3+ 43.Kg4 Ra2 44.Rc4  1-0

[Event "29th ECC Open 2013"]
[Site "Rhodes GRE"]
[Date "2013.10.25"]
[Round "6.22"]
[White "Haigh,Tony"]
[Black "Hokkanen,P"]
[Result "1/2-1/2"]
[WhiteElo "1776"]
[BlackElo "2301"]

1.d4 Nf6 2.Bg5 d5 3.Bxf6 exf6 4.e3 Bf5 5.Bd3 Bxd3 6.Qxd3 c6 7.Nf3 Bd6 8.O-O O-O
9.Nbd2 Re8 10.c4 dxc4 11.Nxc4 Na6 12.Nxd6 Qxd6 13.a3 Nc5 14.Qc2 Ne4 15.Nd2 Qd5
16.Nxe4 Rxe4 17.b4 Rg4 18.f3 Rg5 19.Rf2 Qd6 20.Qc3 h5 21.e4 Rd8 22.Rd2 Qf4
23.Rad1 Qd6 24.a4 Qe6 25.h4 Rg6 26.Kf1 f5 27.d5 cxd5 28.Rxd5 Rxd5 29.exd5 Qa6+
30.Qd3 Qxd3+ 31.Rxd3 Kf8 32.d6 Ke8 33.d7+ Kd8 34.Rd5 Rf6 35.Kf2 g6 36.Ke3 Rc6
37.Rd4 a6 38.Kf4 Rc2 39.g3 Rc3 40.a5 Rb3 41.g4 fxg4 42.fxg4 Rh3 43.Kg5 f6+
44.Kxg6 Rxh4 45.Kxf6 Rxg4 46.Rd5 Rxb4 47.Ke6 Rb5 48.Rd4 Rc5 49.Rb4 Rc6+ 50.Kf5 Rc7
51.Kg6 Kxd7 52.Kxh5 Rc5+ 53.Kg4 Kc6 54.Ra4 Kb5 55.Ra1 Rc4+ 56.Kf3 Ra4 57.Rb1+ Rb4
58.Ra1 Kc4 59.Ke3 Kb3 60.Kd3 Kb2 61.Rh1 Rb5 62.Rh4 Rd5+ 63.Ke2 Rxa5 64.Rb4+ Kc2
65.Rxb7 Re5+ 66.Kf2 a5 67.Ra7 Kb3 68.Rb7+ Ka3 69.Kf3 a4 70.Kf2 Ka2 71.Rb6 a3
72.Kf1 Ka1 73.Kf2 a2 74.Kf1 Rc5 75.Ke2 Rc1 76.Kd3 Rb1 77.Rh6 Kb2 78.Rb6+ Kc1
79.Rc6+ Kd1 80.Rh6 Rb3+ 81.Kc4 Ra3 82.Rh1+ Kc2  1/2-1/2

[Event "17th OIBM 2013"]
[Site "Bad Wiessee GER"]
[Date "2013.10.26"]
[Round "2.40"]
[White "Meyer,Pe2 GER"]
[Black "Faibisovich,V"]
[Result "0-1"]
[WhiteElo "2084"]
[BlackElo "2344"]

1.d4 Nf6 2.Bg5 d5 3.e3 Nbd7 4.Nf3 g6 5.c4 c6 6.Nc3 Bg7 7.cxd5 cxd5 8.Bd3 O-O
9.O-O b6 10.Qe2 Bb7 11.Rfc1 a6 12.a4 Re8 13.Rc2 e5 14.dxe5 Nxe5 15.Nxe5 Rxe5
16.Bf4 Re6 17.Nd1 Nh5 18.Bc7 Qd7 19.Qd2 Rc8 20.Rac1 Qxa4 21.Bxb6 Rxc2 22.Bxc2 Qh4
23.Bc7 Rc6 24.Bd3 Rxc1 25.Qxc1 d4 26.Be2 Qg5 27.Bg3 Nxg3 28.hxg3 Qa5 29.Qc2 Qe1+
30.Bf1 dxe3 31.Nxe3 Bd4 32.Qd1 Qxd1 33.Nxd1 a5 34.Bb5 Kf8 35.Kf1 Ke7 36.f3 Kd6
37.Ke2 Kc5 38.Be8 f6 39.Kd2 Ba6 40.Nc3 Bf1 41.Bf7 Bxc3+ 42.Kxc3 Bxg2 43.f4 Bf3
44.Bg8 h5 45.Bf7 g5 46.fxg5 fxg5 47.Kd3 Bg4 48.Bg6 h4 49.gxh4 gxh4 50.Be4 h3  0-1

[Event "17th Unive Open 2013"]
[Site "Hoogeveen NED"]
[Date "2013.10.26"]
[Round "9.3"]
[White "Ernst,S"]
[Black "L'Ami,E"]
[Result "0-1"]
[WhiteElo "2573"]
[BlackElo "2645"]

1.d4 Nf6 2.Bg5 d5 3.e3 c5 4.Bd3 Nc6 5.c3 Qb6 6.Nd2 e5 7.Bxf6 gxf6 8.Ne2 Be6
9.a4 h5 10.O-O cxd4 11.exd4 e4 12.Bc2 f5 13.b4 Bd6 14.a5 Qc7 15.f4 h4 16.Nb3 Ne7
17.Nc5 Rc8 18.Qd2 b6 19.axb6 axb6 20.Nxe6 fxe6 21.Ra2 Kf7 22.Bb3 Kf6 23.Ra6 Ra8
24.b5 Rxa6 25.bxa6 b5 26.Kf2 Ng6 27.Ke3 Qa5 28.Qa2 Qxa2 29.Bxa2 Ra8 30.Bb3 Rxa6
31.Rb1 Ra3 32.g3 hxg3 33.hxg3 Ne7 34.Bc2 b4 35.Rb3 Nc6 36.cxb4 Nxb4 37.Bd1 Ra8
38.Kf2 Ra1 39.Nc3 Nd3+ 40.Ke3 Bb4 41.Be2 Bxc3  0-1

[Event "2nd Danube Rapid Cup 2013"]
[Site "Kozloduy BUL"]
[Date "2013.11.01"]
[Round "4.3"]
[White "Ivanisevic,I"]
[Black "Saric,Iv"]
[Result "0-1"]
[WhiteElo "2619"]
[BlackElo "2628"]

1.d4 Nf6 2.Bg5 d5 3.e3 c5 4.Nc3 Nc6 5.Bxf6 gxf6 6.Qh5 e6 7.O-O-O Bd7 8.Nh3 f5
9.dxc5 Bxc5 10.Nf4 Qa5 11.Kb1 Bb4 12.Nce2 Ne5 13.Nd4 O-O-O 14.Be2 Kb8 15.h3 Ng6
16.g4 fxg4 17.hxg4 Bd6 18.Nd3 Qb6 19.f4 f6 20.Rhf1 e5 21.Nf5 e4 22.Nc1 Bxf5
23.gxf5 Ne7 24.Nb3 Qxe3 25.Nd4 Bxf4 26.Rh1 Be5 27.Rh3 Qg5 28.Ne6 Qxh5 29.Rxh5 Rdg8
30.Bb5 a6 31.Ba4 e3 32.c3 e2 33.Re1 Rg2 34.Nd4 Bxd4 35.cxd4 Rf2 36.Bd7 Rd8
37.Be6 Nc6 38.Kc2 Nxd4+ 39.Kd3 Rf1 40.Rxe2 Nxe2 41.Kxe2 Rb1 42.b3 d4 43.Kd3 Rd1+
44.Kc2 Rg1 45.Rxh7 d3+ 46.Kd2 Rg2+ 47.Kd1 d2 48.Rh1 Rd3  0-1

[Event "Stockholm All Saints Open 2013"]
[Site "Stockholm SWE"]
[Date "2013.11.01"]
[Round "4.3"]
[White "Lokander,M"]
[Black "Westerberg,J"]
[Result "0-1"]
[WhiteElo "2203"]
[BlackElo "2404"]

1.d4 Nf6 2.Bg5 d5 3.e3 Nbd7 4.Bd3 e5 5.c4 exd4 6.exd4 Bb4+ 7.Nc3 dxc4 8.Bxc4 O-O
9.Ne2 Bd6 10.Qd2 h6 11.Bf4 Nb6 12.Bb3 Bxf4 13.Qxf4 Nbd5 14.Nxd5 Nxd5 15.Bxd5 Qxd5
16.O-O Be6 17.Qxc7 Rac8 18.Qf4 Rc2 19.Nc3 Qc4 20.Rab1 b5 21.Qe4 Rd2 22.Rfd1 Rxd1+
23.Rxd1 b4 24.d5 Qxe4 25.Nxe4 Rd8 26.d6 Bxa2 27.Nc5 Be6 28.f4 Kf8 29.Rd2 Ke8
30.Re2 Rxd6 31.f5 Rd1+ 32.Kf2 Rd5 33.Nxe6 fxe6 34.Rxe6+ Kf8 35.Ra6 Rxf5+
36.Ke3 Rf7 37.Ra4 Rb7 38.Kd4 Rd7+ 39.Ke3 Rb7 40.Kd4 Rc7 41.Kd3 b3 42.Rc4 Rb7
43.Ra4 Rf7 44.Kc3 Rf2 45.Kxb3 Rxg2 46.h4 Rg3+ 47.Kc2 h5 48.Ra5 g6 49.Ra4 a5
50.Rxa5 Rg4 51.Ra7 Rxh4 52.Rb7 Re4 53.b4 Re7 54.Rb8+ Kg7 55.b5 h4 56.b6 Re6
57.Rb7+ Kh6 58.Rb8 Kg5 59.b7 Re7 60.Kd2 Rh7 61.Ke2 h3 62.Ra8 Rxb7 63.Kf2 Rb3
64.Kg1 Kh4 65.Ra2 g5 66.Kh2 Rg3 67.Ra8 Rg2+ 68.Kh1 Rd2 69.Rb8 Re2 70.Ra8 g4
71.Ra4 Rf2 72.Kg1 Re2 73.Rb4 Kg3 74.Rb3+ Kf4 75.Rb4+ Re4 76.Rb8 Ra4 77.Kh2 Ra2+
78.Kh1 Re2 79.Ra8 Kf3 80.Rf8+ Kg3 81.Rf1 Kh4 82.Rf4 Kg5 83.Rf8 g3 84.Rg8+ Kf4
85.Rf8+ Ke3 86.Re8+ Kd2 87.Rd8+ Ke1 88.Rh8 Kf1 89.Rf8+ Rf2 90.Rf3 g2+  0-1

[Event "e2e4 Gatwick Nov Open"]
[Site "Crawley ENG"]
[Date "2013.11.02"]
[Round "2"]
[White "Bird,A"]
[Black "Hebden,M"]
[Result "0-1"]
[WhiteElo "2221"]
[BlackElo "2556"]

1.d4 Nf6 2.Bg5 d5 3.Bxf6 exf6 4.e3 Bd6 5.g3 O-O 6.Bg2 c6 7.Nd2 f5 8.Ne2 Nd7
9.c4 dxc4 10.Nxc4 Bb4+ 11.Nc3 Nf6 12.O-O Be6 13.Ne5 Re8 14.Nd3 Bd6 15.Qc2 Qe7
16.Rab1 Rad8 17.Rfc1 h5 18.b4 h4 19.b5 hxg3 20.hxg3 Ng4 21.bxc6 bxc6 22.Qe2 Bc4
23.Na4 Bxd3 24.Qxd3 Qg5 25.Re1 Re6 26.Nc3 Qh5 27.e4 Bc5 28.Rbd1 Bxd4 29.Qxd4 Rxd4
30.Rxd4 f4 31.Nd1 fxg3 32.Rd8+ Kh7 33.f3 Qa5  0-1

[Event "TCh-NED Meesterklasse 2013-14"]
[Site "Netherland NED"]
[Date "2013.11.02"]
[Round "2.4"]
[White "Van de Griendt,JW"]
[Black "Ris,R"]
[Result "0-1"]
[WhiteElo "2316"]
[BlackElo "2409"]

1.d4 Nf6 2.Bg5 d5 3.Bxf6 exf6 4.e3 Bd6 5.g3 c6 6.Bg2 f5 7.Ne2 Nd7 8.Nd2 Nf6
9.c4 Be6 10.O-O O-O 11.cxd5 Bxd5 12.Bh3 g6 13.Nc3 Be6 14.Bg2 Qe7 15.Re1 Rfd8
16.Rc1 Rac8 17.a3 h5 18.Qe2 Kg7 19.h4 Bb8 20.b4 b6 21.Nf3 Ne4 22.Qb2 Nf6
23.Ng5 Bc4 24.a4 Nd5 25.b5 Bd6 26.Nb1 cxb5 27.e4 Bb4  0-1

[Event "3rd Panama Open"]
[Site "Panama City PAN"]
[Date "2013.11.02"]
[Round "4.44"]
[White "Bermudes,E"]
[Black "Sun Chin,Robert Patrick"]
[Result "0-1"]
[WhiteElo "2077"]
[BlackElo "1820"]

1.d4 Nf6 2.Bg5 g6 3.Bxf6 exf6 4.g3 Bg7 5.Bg2 O-O 6.e3 d6 7.c3 f5 8.Qb3 c6
9.Nd2 Qc7 10.Ngf3 Nd7 11.h4 Nf6 12.Ng5 h6 13.Nh3 Be6 14.c4 b5 15.Nf4 Bxc4
16.Nxc4 bxc4 17.Qxc4 d5 18.Qc3 Rfd8 19.Rc1 Rd6 20.b4 Rb8 21.O-O Ne4 22.Bxe4 fxe4
23.Rc2 Qd7 24.Rb1 g5 25.Ng2 gxh4 26.Nxh4 Bf6 27.Ng2 h5 28.Qe1 h4 29.Qf1 Qg4
30.Qe2 Qg7 31.g4 Be7 32.Kh1 Rg6 33.Nf4 Rxg4 34.Rxc6 Kh7 35.Nxd5 Bd8 36.Rd6 Kh8
37.Rc1 h3 38.Rxd8+ Rxd8 39.Nf6 Rh4  0-1

[Event "Krasnoselskaya Autumn IM 2013"]
[Site "St Petersburg RUS"]
[Date "2013.11.04"]
[Round "4.3"]
[White "Gasanov,E"]
[Black "Zenzera,A"]
[Result "1-0"]
[WhiteElo "2465"]
[BlackElo "2409"]

1.d4 Nf6 2.Bg5 d5 3.e3 Bf5 4.c4 Ne4 5.Bh4 c6 6.Nc3 Qb6 7.Qc1 e6 8.Nxe4 Bxe4
9.Ne2 Bb4+ 10.Nc3 O-O 11.f3 Bg6 12.a3 Bxc3+ 13.Qxc3 c5 14.Be7 cxd4 15.exd4 Re8
16.c5 Qc6 17.Bd6 Nd7 18.a4 e5 19.dxe5 Nxe5 20.Kf2 Nc4 21.Bxc4 dxc4 22.Qxc4 Re6
23.Rhd1 Rd8 24.Qb5 Rde8 25.Rd2 Qc8 26.Rad1 h5 27.h4 Qd8 28.Bg3 Qe7 29.Kg1 a6
30.Qc4 Re2 31.Kh2 Qe6 32.Qb4 Qc6 33.Kh1 Bf5 34.Qc4 Qe6 35.Qc3 Bh3 36.Rxe2 Qxe2
37.Rg1 Re3 38.Qc1 f5 39.Qf1 Qxb2 40.gxh3 Qb3 41.Qg2 Rxf3 42.Bh2 Qc3 43.Qg6 Rf2
44.Qe8+  1-0

[Event "Chennai WGM 2013"]
[Site "Chennai IND"]
[Date "2013.11.06"]
[Round "1.5"]
[White "Purtseladze,M"]
[Black "Vantika,Agrawal"]
[Result "1-0"]
[WhiteElo "2374"]
[BlackElo "1728"]

1.d4 Nf6 2.Bg5 g6 3.Bxf6 exf6 4.e3 Bg7 5.g3 O-O 6.Bg2 d6 7.Ne2 Nd7 8.c4 f5
9.Nbc3 Nf6 10.O-O Re8 11.b4 Ne4 12.Qc2 Nxc3 13.Nxc3 c6 14.a4 Qf6 15.b5 Bd7
16.a5 Rac8 17.a6 b6 18.bxc6 Bxc6 19.Bxc6 Rxc6 20.Nd5 Qe6 21.Qa4 Rec8 22.Rac1 h5
23.h4 Bh6 24.Rc3 Kh8 25.Rfc1 Bg7 26.Qd1 Qd7 27.Qa4 Qe6 28.Qb5 Kh7 29.Nf4 Qe7
30.Qd5 Qf6 31.Rb3 Qe7 32.Nd3 Qe6 33.Nf4 Qxd5 34.Nxd5 Rxc4 35.Rbc3 b5 36.Kf1 R8c6
37.Rxc4 bxc4 38.Nb4 Rc8 39.Ke2 Kg8 40.Nd5 Kf8 41.Rb1 c3 42.Kd3 c2 43.Rc1 Ke8
44.Nb4 Kd7 45.Nxc2 Rc6 46.Ra1 Bf6 47.Nb4 Rc8 48.Nd5 Bd8 49.Rb1 Ke6 50.Nf4+ Kd7
51.Rb7+ Rc7 52.Nd5 Rxb7 53.axb7 Bc7 54.Nb4 a5 55.Na6 Kc6 56.b8=Q Bxb8 57.Nxb8+ Kc7
58.Kc4 Kxb8 59.Kb5 Kb7 60.Kxa5 Kc6 61.Kb4 f6 62.Kc4 d5+ 63.Kb4 Kb6 64.f4 Kc6
65.Ka5 Kd6 66.Kb6 Kd7 67.Kc5 Ke6 68.Kc6 Ke7 69.Kxd5 Kd7 70.Kc5 Kc7 71.d5 Kd7
72.d6 Kd8 73.Kc6 Kc8 74.d7+ Kd8 75.Kd6 g5 76.fxg5 f4 77.gxf6 fxe3 78.f7 e2
79.f8=Q+  1-0

[Event "FSIM November 2013"]
[Site "Budapest HUN"]
[Date "2013.11.08"]
[Round "6.6"]
[White "To,N"]
[Black "Golubov,Saveliy"]
[Result "0-1"]
[WhiteElo "2334"]
[BlackElo "2282"]

1.d4 Nf6 2.Bg5 g6 3.Bxf6 exf6 4.g3 d5 5.Bg2 Bg7 6.e3 O-O 7.Ne2 f5 8.O-O c6
9.b3 Be6 10.Nf4 Nd7 11.c4 dxc4 12.Nxe6 fxe6 13.Na3 e5 14.d5 e4 15.Rb1 c3
16.dxc6 bxc6 17.b4 Nb6 18.Qb3+ Qd5 19.Rfc1 Rfd8 20.Bf1 Qf7 21.Nc2 Qxb3 22.Rxb3 Rac8
23.Nd4 Bxd4 24.exd4 Rxd4 25.Rcxc3 Kg7 26.Rc5 Rd5 27.Rc2 Rd6 28.a4 Rb8 29.b5 Nxa4
30.Ra2 Rd4 31.Rc2 cxb5 32.Rc7+ Kh6 33.Rxa7 Nc5 34.Rc3 Rd5 35.Ra5 Ne6 36.h4 b4
37.Rxd5 bxc3 38.Rd1 c2 39.Rc1 Nd4  0-1

[Event "Texas Collegiate 2013"]
[Site "Houston USA"]
[Date "2013.11.10"]
[Round "4"]
[White "Zherebukh,Y"]
[Black "Chirila,I"]
[Result "0-1"]
[WhiteElo "2611"]
[BlackElo "2517"]

1.d4 Nf6 2.Bg5 d5 3.Nd2 Nbd7 4.Ngf3 c5 5.e3 e6 6.c3 Be7 7.Bd3 b6 8.O-O Bb7
9.Qb1 h6 10.Bh4 O-O 11.b4 cxb4 12.cxb4 Ne4 13.Bxe7 Qxe7 14.Nxe4 dxe4 15.Bxe4 Bxe4
16.Qxe4 Qxb4 17.Qb7 Qa4 18.Rfc1 Rab8 19.Qc7 Rfd8 20.Rc6 Qa6 21.Rac1 Qxa2
22.h3 Qa6 23.d5 exd5 24.Nd4 Rbc8 25.Qxc8 Rxc8 26.Rxc8+ Kh7 27.R1c7 Ne5 28.Ra8 Qa1+
29.Kh2 Qf1 30.Rc2 a5 31.Ra7 Nc4 32.Re2 Kg6 33.Rd7 a4 34.Rxd5 a3 35.Rb5 Qxe2
36.Nxe2 a2  0-1

[Event "23rd World Seniors 2013"]
[Site "Opatija CRO"]
[Date "2013.11.16"]
[Round "5.50"]
[White "Haubt,G"]
[Black "Jorgensen,A"]
[Result "1-0"]
[WhiteElo "2206"]
[BlackElo "1999"]

1.d4 Nf6 2.Bg5 d5 3.Bxf6 exf6 4.e3 Bf5 5.Ne2 Bd6 6.Ng3 Bxg3 7.hxg3 c6 8.Nd2 b6
9.c4 dxc4 10.Bxc4 Qd6 11.Rc1 Nd7 12.Qf3 Bg6 13.Ba6 O-O 14.Rxc6 Qb4 15.b3 Qa5
16.Be2 Qxa2 17.Rd6 Rad8 18.Qd5 Qa1+ 19.Bd1 Bc2 20.Ke2 Bxd1+ 21.Rxd1 Qa6+
22.Nc4 Qc8 23.Ra1 Nb8 24.Rxa7 Rxd6 25.Qxd6 b5 26.Nd2 h6 27.d5 h5 28.f3 f5
29.b4 Qc3 30.Qc5 Qe5 31.f4 Qb2 32.d6 Qf6 33.Qc7 Rd8 34.Ra8 Rxd6 35.Rxb8+ Kh7
36.Qc2 g6 37.Rxb5 Qd8 38.Nf3 Qe8 39.Qc4 Qd7 40.Rc5  1-0

[Event "4th Brno Open 2013"]
[Site "Brno CZE"]
[Date "2013.11.17"]
[Round "2.3"]
[White "Tabola,Marcin"]
[Black "Chudinovskikh,A"]
[Result "1-0"]
[WhiteElo "1990"]
[BlackElo "2334"]

1.d4 Nf6 2.Bg5 d5 3.Nf3 Ne4 4.h4 c6 5.Nbd2 Qb6 6.Qc1 e5 7.c3 exd4 8.Nxe4 dxe4
9.Nxd4 c5 10.Nb3 Be6 11.Qe3 f5 12.g4 h6 13.gxf5 Bxf5 14.Bf4 Nd7 15.Bh3 Bxh3
16.Rxh3 Nf6 17.Be5 Qe6 18.Bxf6 gxf6 19.Rg3 b6 20.Rd1 Rd8 21.Rxd8+ Kxd8 22.Rg6 Qe5
23.Nd2 f5 24.Nc4 Qd5 25.Qf4 Kd7 26.Ne5+ Kc8 27.Qxf5+ Kb7 28.Qf7+ Qxf7 29.Nxf7 Rh7
30.Nd6+ Kc6 31.Nxe4+ Kb5 32.Nd6+ Ka4 33.Rf6 Be7 34.Rf4+ Ka5 35.Rf7 Rxf7 36.Nxf7 h5
37.Ng5 c4 38.f4 b5 39.e4 b4 40.cxb4+ Kxb4 41.Kd2 a5 42.Kc2 a4 43.e5 Kc5 44.f5 Kd5
45.f6 Bb4 46.a3 Bc5 47.Nf3 Bb6  1-0

[Event "TCh-SWE Elitserien 2013-14"]
[Site "Sweden SWE"]
[Date "2013.11.22"]
[Round "1.3"]
[White "Fransson,Pa"]
[Black "Vaarala,E"]
[Result "0-1"]
[WhiteElo "2133"]
[BlackElo "2294"]

1.d4 d5 2.Bg5 Nf6 3.e3 e6 4.Bd3 c5 5.c3 Nc6 6.f4 Be7 7.Nd2 Qb6 8.Rb1 h6 9.Bh4 Bd7
10.Ngf3 cxd4 11.exd4 Nh5 12.Bg3 Nxg3 13.hxg3 Bd6 14.b4 Ne7 15.Qe2 Rc8 16.Rb3 a6
17.Ne5 Bb5 18.O-O Bxe5 19.Bxb5+ Qxb5 20.Qxb5+ axb5 21.fxe5 O-O 22.Nb1 Ra8
23.Na3 Ra4 24.Rf2 Rfa8 25.Nxb5 Rxa2 26.Rbb2 Ra1+ 27.Rf1 Nf5 28.Rxa1 Rxa1+
29.Kf2 h5 30.Rc2 g5 31.Nd6 Nxd6 32.exd6 Ra6 33.c4 dxc4 34.d7 Rd6 35.Rxc4 Rxd7
36.Ke3 Kg7 37.Rc5 Rd5 38.b5 b6 39.Rc6 Rxb5 40.Ke4 Rb2 41.Kf3 g4+ 42.Kf4 Rf2+
43.Kg5 Rxg2 44.Rxb6 Rxg3 45.Kxh5 Rd3 46.Kxg4 Rxd4+ 47.Kg5 Rd5+ 48.Kf4 Ra5
49.Ke4 f5+ 50.Kf4 Kf6 51.Rb8 e5+ 52.Kg3 Ra3+ 53.Kh4 f4  0-1

[Event "TCh-SWE Elitserien 2013-14"]
[Site "Sweden SWE"]
[Date "2013.11.22"]
[Round "1.1"]
[White "Schneider,Stef"]
[Black "Andersson,Tom"]
[Result "0-1"]
[WhiteElo "2343"]
[BlackElo "2368"]

1.d4 Nf6 2.Bg5 c5 3.Bxf6 exf6 4.c3 cxd4 5.cxd4 Qb6 6.Qd2 Nc6 7.e3 d5 8.Nc3 Be6
9.Bd3 Bd6 10.Nge2 O-O 11.Rc1 Na5 12.Na4 Qd8 13.Nc5 b6 14.Nxe6 fxe6 15.Ba6 Qe7
16.O-O Rad8 17.Nf4 g5 18.Ne2 Rf7 19.Qd3 Bb8 20.Rc2 Nb7 21.e4 dxe4 22.Qxe4 Nd6
23.Qg4 f5 24.Qh5 Rg7 25.Nc3 Rg6 26.Qe2 Qf6 27.Rd1 Rh6 28.g3 g4 29.Nb5 Nf7
30.Rc6 Ng5 31.h4 Nf3+ 32.Kf1 f4 33.Bc8 fxg3 34.Qxe6+ Qxe6 35.Bxe6+ Kf8 36.d5 gxf2
37.Kxf2 Ne5 38.Rc8 Rxc8 39.Bxc8 Rxh4 40.d6 Rh2+ 41.Kg3 Rxb2 42.Rd5 Nc4 43.Rf5+ Kg7
44.Rg5+ Kh6 45.Rxg4 Nxd6 46.Nxd6 Bxd6+ 47.Kf3 Rxa2 48.Bf5 Ra3+ 49.Ke2 Ra5
50.Be4 Be7 51.Rg1 Rh5 52.Rd1 Rh2+ 53.Kf3 Bc5 54.Rd7 Kg5 55.Rxh7 Ra2 56.Rg7+ Kf6
57.Rd7 Ke5 58.Rd5+ Ke6 59.Rd3 Rf2+ 60.Kg3 Ke5 61.Bf3 Ra2 62.Rd5+ Ke6 63.Rd1 Rb2
64.Kf4 Rb4+ 65.Be4 a5 66.Rh1 Bd4 67.Rh7 a4 68.Ra7 Kd6 69.Bd3 b5 70.Ra6+ Kc5
71.Ra8 Bg7+ 72.Ke3 Bh6+ 73.Kf3 Rd4 74.Ke2 Kb4 75.Rh8 Rd6 76.Ra8 Rd5 77.Rh8 Bg5
78.Rh1 Kc3 79.Bg6 b4 80.Rh3+ Kb2 81.Bf7 Rd7 82.Bc4 Rd4 83.Bg8 Rd8 84.Bf7 b3
85.Ke1 Bd2+ 86.Ke2 Bc3 87.Rh6 Rd2+ 88.Ke3 Rd7 89.Rh7 Bd2+ 90.Ke2 a3  0-1

[Event "73rd ch-ITA"]
[Site "Rome ITA"]
[Date "2013.11.23"]
[Round "3.2"]
[White "Rombaldoni,D"]
[Black "Stella,A"]
[Result "1-0"]
[WhiteElo "2462"]
[BlackElo "2454"]

1.d4 Nf6 2.Bg5 c5 3.d5 Ne4 4.h4 g6 5.Qd3 Bg7 6.c3 Nxg5 7.hxg5 Qb6 8.Qd2 e6
9.Nh3 d6 10.dxe6 Bxe6 11.Nf4 d5 12.g3 Nc6 13.Bh3 Ne7 14.Nxe6 fxe6 15.Na3 O-O
16.e4 dxe4 17.Nc4 Qc6 18.Bg2 Qd5 19.Qe2 Qxg5 20.Qxe4 Qf5 21.Qe2 Nd5 22.Nd6 Qe5
23.Qxe5 Bxe5 24.Ne4 c4 25.Ng5 Nf6 26.f4 Bc7 27.O-O-O Bb6 28.Bh3 Bf2 29.Bxe6+ Kh8
30.Rxh7+ Nxh7 31.Rh1 Kg7 32.Rxh7+ Kf6 33.Bd7 Rae8 34.Bxe8 Bxg3 35.Ne4+ Kf5
36.Nxg3+ Kxf4 37.Ne2+ Ke3 38.Re7+ Kd3 39.Bxg6+  1-0

[Event "British Rapidplay 2013"]
[Site "Leeds ENG"]
[Date "2013.11.24"]
[Round "9.2"]
[White "Palliser,R"]
[Black "Hebden,M"]
[Result "0-1"]
[WhiteElo "2456"]
[BlackElo "2556"]

1.d4 Nf6 2.Bg5 d5 3.e3 Ne4 4.Bf4 c5 5.Bd3 Nf6 6.c3 Nc6 7.Nd2 g6 8.Ngf3 Bg7
9.Ne5 Qb6 10.Qb3 Nh5 11.Qxd5 Be6 12.Qf3 Nxf4 13.Qxf4 cxd4 14.Nec4 Qd8 15.exd4 O-O
16.O-O Rc8 17.Rfe1 Bxc4 18.Bxc4 e5 19.dxe5 Bxe5 20.Qh6 Bg7 21.Qf4 Qb6 22.Bb3 Na5
23.Re7 Rcd8 24.Bxf7+ Kh8 25.Nf3 Qxb2 26.Rae1 Nc6 27.Rc7 Qxc3 28.h4 Rd4 29.Qc1 Rb4
30.Qxc3 Bxc3 31.Rc1 Nd4 32.Nxd4 Bxd4 33.Rc8 Rxc8 34.Rxc8+ Kg7 35.Bb3 Bb6
36.g3 Rd4 37.Rc2 a5 38.Kg2 a4 39.Be6 Rb4 40.Rc4 Rb2 41.Rf4 h5 42.Rf7+ Kh6
43.Bd5 Bd4 44.Rxb7 Rxf2+ 45.Kh3 Rd2 46.Bg8 g5 47.hxg5+ Kxg5 48.Rb5+ Kh6 49.Bf7 Kg7
50.Bxh5 Rxa2  0-1

[Event "TCh-AUT 2nd Ost 2013-14"]
[Site "Zwettl AUT"]
[Date "2013.11.24"]
[Round "4.5"]
[White "Jacko,V2"]
[Black "Bachofner,C"]
[Result "1-0"]
[WhiteElo "2281"]
[BlackElo "2076"]

1.d4 d5 2.Bg5 Nf6 3.Nc3 e6 4.e4 dxe4 5.Nxe4 Nbd7 6.Nf3 Be7 7.Bxf6 Nxf6 8.Bd3 O-O
9.O-O b6 10.Nfg5 Bb7 11.Nxf6+ Bxf6 12.Nxh7 Bxd4 13.Nxf8 Qd5 14.Qg4 f5 15.Qh3 Rxf8
16.c3 Be5 17.Rfd1 Qc6 18.Bf1 Bd6 19.Rd4 Rf6 20.Rh4 Rg6 21.Re1 a5 22.a4 Be7
23.Rc4 Qd6 24.Rd4 Qc6 25.Kh1 Bc5 26.Rd2 Qxa4 27.Rd8+ Kf7 28.Qh8 Qc6 29.f3 Kf6
30.Qg8 e5 31.Bc4 Qxf3 32.Qf7+ Kg5 33.h4+ Kxh4 34.Rh8+ Qh5 35.Rxh5+ Kxh5 36.Qxf5+ Rg5
37.Bf7+  1-0

[Event "73rd ch-ITA"]
[Site "Rome ITA"]
[Date "2013.11.26"]
[Round "6.6"]
[White "Rombaldoni,D"]
[Black "Godena,M"]
[Result "1/2-1/2"]
[WhiteElo "2462"]
[BlackElo "2501"]

1.d4 Nf6 2.Bg5 d5 3.e3 Nbd7 4.Nf3 Ne4 5.Bf4 e6 6.Bd3 Bd6 7.Bxe4 dxe4 8.Ng5 Nf6
9.Nc3 Bxf4 10.exf4 Qd6 11.g3 h6 12.Ngxe4 Nxe4 13.Nxe4 Qb4+ 14.Qd2 Qxb2 15.O-O O-O
16.a4 Rd8 17.Qe2 b6 18.Rfd1 Bb7 19.Rab1 Qa3 20.Ra1 Qb2 21.Rab1 Qa3 22.Ra1 Qb4
23.Qe3 Qc4 24.f3 Rd7 25.Qd3 Qb4 26.a5 Rad8 27.c3 Qe7 28.axb6 axb6 29.Qe2 c5
30.dxc5 Bxe4 31.Rxd7 Qxc5+ 32.Qf2 Rxd7 33.Qxc5 bxc5 34.fxe4 Rd3 35.Ra3 g5
36.Kf2 gxf4 37.gxf4 Kg7 38.Ke2 c4 39.f5 exf5 40.exf5 Kf6 41.Ra6+ Kxf5 42.Rxh6 Rxc3
43.Rh4 Ke5 44.Kd2 Rd3+ 45.Kc2 f5 46.Rxc4 Rd7 47.h4 f4 48.Rc8 f3 49.Rf8 Ke4
50.h5 Ke3 51.Re8+ Kf2 52.h6 Rh7 53.Re6 Kg1 54.Rg6+ Kf1 55.Rf6 f2 56.Kd2 Re7
57.Rg6 Re2+ 58.Kd1 Re1+ 59.Kd2 Re2+ 60.Kd1 Re1+ 61.Kd2 Re7 62.Rg7 Re2+ 63.Kd1 Re1+
64.Kd2 Re2+ 65.Kd1 Re1+  1/2-1/2